<?xml version="1.0" encoding="UTF-8"?>
<marc:record xmlns:marc="http://www.loc.gov/MARC21/slim">
   <marc:leader>00000nam a2200000 a 4500</marc:leader>
   <marc:datafield ind1="1" ind2=" " tag="100">
      <marc:subfield code="a">Schäfer, Birgit</marc:subfield>
      <marc:subfield code="4">ctb</marc:subfield>
      <marc:subfield code="e">Mitwirkende/-r</marc:subfield>
   </marc:datafield>
   <marc:datafield ind1="1" ind2=" " tag="100">
      <marc:subfield code="a">Rynio, Jörn</marc:subfield>
      <marc:subfield code="4">ctb</marc:subfield>
      <marc:subfield code="e">Mitwirkende/-r</marc:subfield>
   </marc:datafield>
   <marc:datafield ind1=" " ind2=" " tag="653">
      <marc:subfield code="a">Kind</marc:subfield>
   </marc:datafield>
   <marc:datafield ind1=" " ind2=" " tag="653">
      <marc:subfield code="a">Lactoseintoleranz</marc:subfield>
   </marc:datafield>
   <marc:datafield ind1=" " ind2=" " tag="653">
      <marc:subfield code="a">Proteinallergie</marc:subfield>
   </marc:datafield>
   <marc:datafield ind1=" " ind2=" " tag="653">
      <marc:subfield code="a">Weizen</marc:subfield>
   </marc:datafield>
   <marc:datafield ind1=" " ind2=" " tag="653">
      <marc:subfield code="a">Sojabohne</marc:subfield>
   </marc:datafield>
   <marc:datafield ind1=" " ind2=" " tag="653">
      <marc:subfield code="a">Lebensmittelallergie</marc:subfield>
   </marc:datafield>
   <marc:datafield ind1=" " ind2=" " tag="653">
      <marc:subfield code="a">einfach und lecker</marc:subfield>
   </marc:datafield>
   <marc:datafield ind1=" " ind2=" " tag="653">
      <marc:subfield code="a">Kochbuch</marc:subfield>
   </marc:datafield>
   <marc:datafield ind1="0" ind2="0" tag="245">
      <marc:subfield code="a">Gesund essen für Kinder - Rezepte ohne Milch, Ei, Weizen und Soja</marc:subfield>
   </marc:datafield>
   <marc:datafield ind1="0" ind2="0" tag="245">
      <marc:subfield code="c">Autorinnen: Birgit Schäfer ; Christiane Schäfer. Fotogr.: Jörn Rynio</marc:subfield>
   </marc:datafield>
   <marc:datafield ind1=" " ind2="1" tag="264">
      <marc:subfield code="a">München</marc:subfield>
      <marc:subfield code="b">Gräfe und Unzer</marc:subfield>
      <marc:subfield code="c">2011</marc:subfield>
   </marc:datafield>
   <marc:datafield ind1=" " ind2=" " tag="250">
      <marc:subfield code="a">1. Aufl.</marc:subfield>
   </marc:datafield>
   <marc:datafield ind1="1" ind2=" " tag="520">
      <marc:subfield code="a">Angaben aus der Verlagsmeldung

Gesund essen für Kinder - Kochen und Backen ohne Milch und Ei / von Christiane Schäfer, Birgit Schäfer

Kinder haben ihre eigenen Bedürfnisse und dies gilt besonders für ihre Ernährung. Jede Zelle, vom Knochen bis zu den Nervenzellen, ist auf Wachsen ausgerichtet. Eine optimale Entwicklung kann nur eine optimale Versorgung mit Nährstoffen garantieren. Diese Herausforderung nehmen Eltern jedoch gerne an. Sie stehen jedoch vor scheinbar unüberwindbaren Hindernissen, wenn die Diagnose einer Lebensmittelunverträglichkeit oder -allergie beim eigenen Kind gestellt wird. Welche Lebensmittel sind noch erlaubt? Wie bringe ich die Ernährung der restlichen Familie mit der Diätkost in Einklang? Darf es nie wieder auf einen Kindergeburtstag? Wenn allgegenwärtige Lebensmittel wie Milch und Eier in frühester Kindheit nicht mehr erlaubt sind, scheint eine ausgewogene, nährstoffreiche Ernährung unmöglich zu sein. Hier hilft eine fachkundigen Beratung und Rezepterstellung, um seine Küche wieder schnell im Griff zu haben und Diätfehler gekonnt mit neuen Lieblingsrezepten zu umschiffen.
</marc:subfield>
   </marc:datafield>
   <marc:datafield ind1=" " ind2=" " tag="020">
      <marc:subfield code="a">9783833823138</marc:subfield>
      <marc:subfield code="9">9783833823138</marc:subfield>
   </marc:datafield>
   <marc:datafield ind1=" " ind2=" " tag="020">
      <marc:subfield code="a">3833823135</marc:subfield>
      <marc:subfield code="9">3833823135</marc:subfield>
   </marc:datafield>
   <marc:datafield ind1=" " ind2=" " tag="300">
      <marc:subfield code="a">128 S.</marc:subfield>
   </marc:datafield>
</marc:record>
